Thermal degradation of worn tyres in gaseous and liquid media (Record no. 71219)

MARC details
000 -LEADER
fixed length control field 00390nam a2200133Ia 4500
100 ## - MAIN ENTRY--AUTHOR NAME
Personal name Drozdovskii V F
245 #0 - TITLE STATEMENT
Title Thermal degradation of worn tyres in gaseous and liquid media
260 ## - PUBLICATION, DISTRIBUTION, ETC. (IMPRINT)
Name of publisher International Polymer Science and Technology
Year of publication 2005
300 ## - PHYSICAL DESCRIPTION
Number of Pages 16-Oct
650 ## - SUBJECT ADDED ENTRY--TOPICAL TERM
Topical Term Thermal degradation
700 ## - ADDED ENTRY--PERSONAL NAME
Personal name Razgon D R
942 ## - ADDED ENTRY ELEMENTS (KOHA)
Koha item type Journals
Holdings
Withdrawn status Lost status Damaged status Not for loan Home library Current library Shelving location Date acquired Serial Enumeration / chronology Koha item type
      Journals RRII Library RRII Library Rubber chemistry 17/12/2021 Volume 32, Issue 4 Journals